[Event "42nd Bosna Open B"]
[Site "Sarajevo BIH"]
[Date "2012.05.06"]
[Round "3.13"]
[White "Hadziselimovic,B"]
[Black "Petrovic,Mari"]
[Result "0-1"]
[WhiteElo "1844"]
[BlackElo "2189"]

1.e4 d5 2.exd5 Qxd5 3.Nc3 Qd6 4.d4 Nf6 5.Nf3 a6 6.Be2 Nc6 7.O-O Bg4 8.g3 e6
9.Bf4 Qd7 10.Ne5 Nxe5 11.Bxe5 Bxe2 12.Qxe2 Be7 13.Rad1 O-O 14.Rfe1 Rfd8 15.Bxf6 Bxf6
16.Ne4 Be7 17.Qh5 Qb5 18.Qxb5 axb5 19.a3 b4 20.axb4 Bxb4 21.c3 Be7 22.Ra1 Kf8
23.Kf1 Ke8 24.Ke2 Kd7 25.Kd3 Kc6 26.Rxa8 Rxa8 27.Nd2 Kd7 28.Nc4 f6 29.f4 b5
30.Nd2 h5 31.Nb3 h4 32.g4 Bd6 33.Nc5+ Bxc5 34.dxc5 h3 35.Re3 Rh8 36.b4 Rh4
37.Rg3 Kc6 38.Ke4 Rxg4 39.Rxh3 e5 40.Kf5 Rxf4+ 41.Ke6 e4 42.Re3 f5 43.Rg3 Rg4
44.Rxg4 fxg4  0-1

[Event "Asian Continental 2012"]
[Site "Ho Chi Minh City VIE"]
[Date "2012.05.07"]
[Round "3.7"]
[White "Yu Ruiyuan"]
[Black "Barbosa,O PHI"]
[Result "0-1"]
[WhiteElo "2511"]
[BlackElo "2550"]

1.e4 d5 2.exd5 Qxd5 3.Nc3 Qd6 4.d4 Nf6 5.Nf3 c6 6.h3 Bf5 7.Bc4 Nbd7 8.O-O e6
9.Bg5 Be7 10.Qe2 O-O 11.Rad1 h6 12.Bh4 Qc7 13.Ne5 Nxe5 14.dxe5 Nd5 15.Bxe7 Qxe7
16.Ne4 Bxe4 17.Qxe4 Rfd8 18.Rd3 Nb6 19.Rfd1 Rxd3 20.Bxd3 g6 21.Re1 Rd8 22.Re3 Rd5
23.c4 Rd8 24.Rg3 Nd7 25.Bc2 a5 26.Qf4 Kg7 27.Rd3 Qg5 28.Qd4 Kf8 29.h4 Qe7
30.Qf4 g5 31.Qd2 Qb4 32.Qd1 Ke8 33.Rd6 Ke7 34.g3 Qc5 35.hxg5 hxg5 36.b3 Qxe5
37.Rd4 Ke8 38.Rd6 Qf6 39.Qe1 Ra8 40.Rd1 Ne5 41.Qe3 Nd7 42.Kg2 Qe5 43.Qd2 Rd8
44.Re1 Qc5 45.Qc3 Ke7 46.Re2 g4 47.Re4 Qh5 48.Rf4 Ne5 49.Kf1 Nf3 50.Be4 Rd1+
51.Ke2 Rd2+  0-1

[Event "Asian Continental 2012"]
[Site "Ho Chi Minh City VIE"]
[Date "2012.05.08"]
[Round "4.23"]
[White "Narayanan,Sri"]
[Black "Laylo,D"]
[Result "1/2-1/2"]
[WhiteElo "2383"]
[BlackElo "2502"]

1.e4 d5 2.exd5 Qxd5 3.Nc3 Qd6 4.d4 Nf6 5.Nf3 c6 6.Ne5 Nbd7 7.f4 Nb6 8.g4 g6
9.Bg2 Bg7 10.g5 Nfd7 11.Ne4 Qc7 12.Qe2 h6 13.Be3 Nd5 14.h4 hxg5 15.hxg5 Rxh1+
16.Bxh1 Qb6 17.Nc4 Qc7 18.O-O-O N7b6 19.Ne5 Nxe3 20.Qxe3 Nd5 21.Qd2 Bf5 22.Ng3 Be6
23.Be4 O-O-O 24.c4 Nxf4 25.Qxf4 Rxd4 26.Nd3 Rxc4+ 27.Kb1 Qb6 28.Qf2 Bd4 29.Qe2 Ra4
30.Nc1 Be5 31.Bf5 Bxf5+ 32.Nxf5 Re4 33.Nxe7+ Kc7 34.Qc2 Qxb2+  1/2-1/2

[Event "Vienna Ladies 2012"]
[Site "Vienna AUT"]
[Date "2012.05.08"]
[Round "4.1"]
[White "Novkovic,J"]
[Black "Moser,E"]
[Result "0-1"]
[WhiteElo "2063"]
[BlackElo "2469"]

1.e4 d5 2.exd5 Qxd5 3.Nc3 Qd8 4.Bc4 Nf6 5.Nf3 e6 6.O-O a6 7.a4 c5 8.d4 cxd4
9.Qxd4 Qxd4 10.Nxd4 Bd7 11.Bg5 Nc6 12.Nf3 Be7 13.Rfd1 Rd8 14.Bf4 O-O 15.Bd6 Bxd6
16.Rxd6 Rfe8 17.Rad1 Kf8 18.Ng5 Ke7 19.Nge4 Nxe4 20.Nxe4 Bc8 21.Rxd8 Rxd8
22.Rxd8 Nxd8 23.f4 Bd7 24.b3 Bc6 25.Bd3 f6 26.Kf2 Nf7 27.Nd2 h6 28.Be4 Kd6
29.Ke3 g5 30.g3 Kc7 31.Bxc6 Kxc6 32.Ne4 f5 33.Nd2 e5 34.Nf3 Kd6 35.h4 gxh4
36.gxh4 Ke6 37.fxe5 Nxe5 38.Nxe5 Kxe5 39.c3 h5 40.a5 f4+ 41.Kf3 Kf5 42.c4 Ke5
43.c5 Kf5 44.b4 Ke5 45.b5 axb5 46.c6 Kd6 47.cxb7 Kc7 48.Kxf4 Kxb7 49.Ke3 Ka6
50.Kd2 Kxa5 51.Kc1 Ka4  0-1

[Event "Asian Continental w 2012"]
[Site "Ho Chi Minh City VIE"]
[Date "2012.05.10"]
[Round "6.17"]
[White "Medina,W"]
[Black "Pham Thi Thu Hoai"]
[Result "1/2-1/2"]
[WhiteElo "2172"]
[BlackElo "1956"]

1.e4 d5 2.exd5 Qxd5 3.Nc3 Qd6 4.d4 a6 5.Nge2 Nf6 6.Bf4 Qd8 7.Qd2 b5 8.Ng3 Bb7
9.f3 e6 10.Nge4 Nbd7 11.Bd3 Bb4 12.a3 Ba5 13.b4 Bb6 14.Nc5 Bd5 15.O-O O-O
16.Kh1 Qc8 17.N3e4 Re8 18.Bg5 Bxc5 19.bxc5 Qd8 20.a4 h6 21.Nxf6+ Nxf6 22.Bxf6 Qxf6
23.axb5 axb5 24.Bxb5 c6 25.Be2 Rxa1 26.Rxa1 e5 27.c3 Qe6 28.Bf1 exd4 29.cxd4 Bc4
30.h3 Bxf1 31.Rxf1 Qe2 32.Qxe2 Rxe2 33.Ra1 Rd2 34.Ra8+ Kh7 35.Rd8 Kg6 36.Kg1 h5
37.h4 Kf5 38.g3 Re2 39.Rd6 Re6 40.Rxe6 fxe6 41.Kf2 e5 42.Ke3 exd4+ 43.Kxd4 g6
44.Kd3 Ke5 45.Kc4 Ke6 46.g4 Ke5 47.g5 Kf4 48.Kd4 Kg3 49.Ke5 Kxh4 50.Kf6 Kg3
51.Kxg6 h4 52.Kf5 h3 53.g6 h2 54.g7 h1=Q 55.g8=Q+ Kxf3 56.Qb3+ Ke2 57.Qc2+ Ke3
58.Qc3+ Ke2 59.Qc4+ Ke3 60.Ke6 Qd1 61.Qc3+ Kf2 62.Qf6+ Kg3 63.Qg5+ Kf2  1/2-1/2

[Event "42nd Bosna Open B"]
[Site "Sarajevo BIH"]
[Date "2012.05.10"]
[Round "8.16"]
[White "Tucakovic,M"]
[Black "Prijovic,B"]
[Result "1/2-1/2"]
[WhiteElo "2031"]
[BlackElo "2005"]

1.e4 d5 2.exd5 Qxd5 3.Nc3 Qd8 4.d4 Nf6 5.Be2 Bf5 6.Nf3 e6 7.Bg5 Be7 8.Qd2 O-O
9.Nh4 Bg6 10.Nxg6 hxg6 11.h4 c5 12.h5 gxh5 13.Bxf6 Bxf6 14.Rxh5 Qxd4 15.Bd3 Rd8
16.O-O-O Nc6 17.Qe2 Qf4+ 18.Kb1 Nd4 19.Qe4 Qxe4 20.Nxe4 b6 21.Nxf6+ gxf6
22.g4 Kf8 23.Rh7 Nf3 24.Rdh1 Ne5 25.Be2 Ng6 26.a4 Ke7 27.Bd3 Nf4 28.Be4 Rab8
29.f3 Rd4 30.c3 Rd2 31.Rh8 Rbd8 32.Rxd8 Rxd8 33.Kc2 Ng2 34.Kb3 Ne3 35.Re1 Nd5
36.Kc4 Nc7 37.Re2 Rd1 38.Bc6 Kd6 39.Be4 a6 40.Rh2 b5+ 41.Kb3 Nd5 42.axb5 axb5
43.Kc2 Rg1 44.Rh7 Ke7 45.Bg6 Rg2+ 46.Kb1 b4 47.cxb4 Nxb4 48.Rxf7+ Kd6 49.b3 Nd5
50.Kc1 Ke5 51.Rf8 Kd4 52.Re8 Rf2 53.Be4 Ne3 54.Rd8+ Nd5 55.Rc8 Rh2 56.Rc6 Nf4
57.Kb1 Rf2 58.Rc8 Ne2 59.Rd8+ Kc3 60.Rd3+ Kb4 61.Re3 Nd4 62.Bb7 e5 63.Bd5 Ne2
64.Re4+ Nd4 65.Re3 Ka3 66.Kc1 Rc2+ 67.Kd1 Kb2 68.g5 fxg5 69.Rxe5 Kc3 70.Rxg5 Nxb3
71.Bxb3 Kxb3 72.f4 c4 73.Rg3+ c3 74.Rg8 Rf2 75.Rb8+ Kc4 76.Rc8+ Kd4 77.Rd8+  1/2-1/2

[Event "42nd Bosna Open B"]
[Site "Sarajevo BIH"]
[Date "2012.05.11"]
[Round "9.8"]
[White "Bucan,E"]
[Black "Petrovic,Mari"]
[Result "0-1"]
[WhiteElo "2183"]
[BlackElo "2189"]

1.e4 d5 2.exd5 Qxd5 3.Nc3 Qd6 4.d4 Nf6 5.Nb5 Qd8 6.c4 c6 7.Nc3 Bf5 8.Nf3 e6
9.Be2 Nbd7 10.Nh4 Bg6 11.Nxg6 hxg6 12.Bf4 Qa5 13.Qb3 Qb4 14.Bf3 Nb6 15.c5 Nbd5
16.Be5 Qxb3 17.axb3 a6 18.Ra4 Nd7 19.Ne4 f5 20.Nd6+ Bxd6 21.Bxd6 Kf7 22.O-O N7f6
23.Be5 g5 24.Bxf6 gxf6 25.Bxd5 exd5 26.Rb4 Rab8 27.f4 g4 28.Ra1 Ke7 29.Kf2 Kd7
30.h3 gxh3 31.gxh3 Rxh3 32.Rxa6 Rh2+ 33.Ke3 Rbh8  0-1

[Event "Vienna Ladies 2012"]
[Site "Vienna AUT"]
[Date "2012.05.12"]
[Round "8.3"]
[White "Mader,Ma"]
[Black "Moser,E"]
[Result "0-1"]
[WhiteElo "2228"]
[BlackElo "2469"]

1.e4 d5 2.exd5 Qxd5 3.Nc3 Qd8 4.d4 Nf6 5.Bc4 e6 6.Nf3 a6 7.a4 Be7 8.O-O O-O
9.Qd3 Nc6 10.Ne4 Nb4 11.Nxf6+ Bxf6 12.Qe4 Bd7 13.Ne5 Bc6 14.Nxc6 Nxc6 15.c3 Rb8
16.a5 Ne7 17.b4 Nd5 18.Bd2 g6 19.Rac1 c6 20.Bd3 Qd7 21.f4 Rfd8 22.Rf3 Qe7
23.Qe2 Qf8 24.g4 Rd7 25.Kh1 Kh8 26.h4 Re8 27.h5 Kg8 28.Qg2 Qg7 29.Rg3 Bd8
30.Qh2 Bc7 31.Rf3 g5 32.Qe2 Bxf4 33.Rxf4 Nxf4 34.Bxf4 gxf4 35.Rg1 Qg5 36.Qg2 Qh4+
37.Qh2 Qxh2+ 38.Kxh2 e5 39.Bf5 Rdd8 40.dxe5 Rxe5 41.Rf1 c5 42.Rxf4 Rd2+ 43.Kg3 Re3+
44.Rf3 Rxf3+ 45.Kxf3 cxb4  0-1

[Event "ch-CZE 2012"]
[Site "Kouty nad Desnou CZE"]
[Date "2012.05.16"]
[Round "5"]
[White "Kislinsky,A"]
[Black "Babula,V"]
[Result "1/2-1/2"]
[WhiteElo "2532"]
[BlackElo "2563"]

1.e4 d5 2.exd5 Qxd5 3.Nc3 Qd6 4.d4 Nf6 5.Bd3 Bg4 6.Nge2 e6 7.f3 Bh5 8.Bg5 Be7
9.Qd2 Bg6 10.O-O-O Bxd3 11.Qxd3 Nc6 12.Bxf6 Bxf6 13.Ne4 Qe7 14.Qb5 Qb4 15.Nxf6+ gxf6
16.Qh5 Qc4 17.Rhe1 Nb4 18.Nc3 Nxa2+ 19.Nxa2 Qxa2 20.Qb5+ c6 21.Qxb7 O-O 22.Qe7 Rab8
23.Qa3 Qxa3 24.bxa3  1/2-1/2

[Event "Serbia Cup Final 2012"]
[Site "Kragujevac SRB"]
[Date "2012.05.16"]
[Round "3"]
[White "Sredojevic,I"]
[Black "Zajic,Milan"]
[Result "1/2-1/2"]
[WhiteElo "2421"]
[BlackElo "2141"]

1.e4 d5 2.exd5 Qxd5 3.Nc3 Qd6 4.g3 Nf6 5.Bg2 c6 6.d4 Bg4 7.Nge2 e6 8.O-O Be7
9.a3 O-O 10.Bf4 Qd8 11.Qd3 Nbd7 12.Rad1 Nd5 13.Bd2 Nxc3 14.Bxc3 Nc5 15.Qe3 Na4
16.Rfe1 Nxc3 17.Qxc3 Qb6 18.h3 Bxe2 19.Rxe2 Rad8 20.Red2 Rd7 21.b4 Rfd8 22.Qc4 Qb5
23.Qb3 g6 24.c4 Qf5 25.d5 exd5 26.cxd5 cxd5 27.Bxd5 Kg7 28.Kg2 Bf6 29.Rd3 b6
30.Qc4 Qe5 31.R1d2 Qc7 32.Qb3 Qe5 33.Qc4 Qc7 34.Qb3 Qe5 35.Re3 Qd6 36.h4 h5
37.Red3 Qe5 38.Qc4 Re7 39.Qb3 Red7 40.Qc4 Qf5 41.b5 Rd6 42.a4 R6d7 43.Rf3 Qe5
44.Rfd3 Qf5  1/2-1/2

[Event "21st CRO-Cup"]
[Site "Sibenik CRO"]
[Date "2012.05.16"]
[Round "1.93"]
[White "Vidovic,M"]
[Black "Drvar,Izidor"]
[Result "1-0"]
[WhiteElo "2241"]
[BlackElo "1922"]

1.e4 d5 2.exd5 Qxd5 3.Nc3 Qd8 4.d4 Nf6 5.g3 Bg4 6.Qd3 Nc6 7.d5 Ne5 8.Qb5+ c6
9.dxc6 Nxc6 10.Be3 Qc7 11.Bg2 Bd7 12.Qe2 e5 13.Nf3 Bb4 14.O-O Bxc3 15.bxc3 O-O
16.Bg5 Nd5 17.c4 Nde7 18.Bxe7 Nxe7 19.Qxe5 Qd8 20.Rfd1 Nc6 21.Qf4 Qe7 22.Nd4 Nxd4
23.Rxd4 Be6 24.Rb1 Rad8 25.Rxb7 Rxd4 26.Qxd4 Qg5 27.h3 Qc1+ 28.Kh2 Qxc2 29.Rxa7 Qxc4
30.Qxc4 Bxc4 31.a4 Rb8 32.Rc7 Ba6 33.Bd5 h6 34.Rxf7 Kh8 35.Ra7 Bf1 36.Ra8 Rxa8
37.Bxa8 Kg8 38.Bb7  1-0

[Event "6th Wunsiedel Open"]
[Site "Wunsiedel GER"]
[Date "2012.05.17"]
[Round "2"]
[White "Teterev,V"]
[Black "Stips,F"]
[Result "1-0"]
[WhiteElo "2516"]
[BlackElo "2196"]

1.e4 d5 2.exd5 Qxd5 3.Nc3 Qd6 4.d4 Nf6 5.Nf3 c6 6.g3 Bg4 7.Bg2 e6 8.O-O Be7
9.Bg5 O-O 10.Qd3 Qc7 11.Ne5 Bf5 12.Nc4 Nd5 13.Nxd5 exd5 14.Bxe7 Qxe7 15.Rae1 Qc7
16.Ne3 Be6 17.f4 f6 18.b3 Nd7 19.c4 dxc4 20.bxc4 Nb6 21.c5 Nc4 22.Qc2 Nxe3
23.Rxe3 Qd7 24.Rd1 Rae8 25.Be4 g6 26.Kf2 Kg7 27.Qb2 Re7 28.Rde1 Rfe8 29.Bf3 Bf7
30.Rxe7 Rxe7 31.Rxe7 Qxe7 32.a3 Qd7 33.Qb4 Qc7 34.Qe1 Qd7 35.Qe3 Be6 36.h4 h5
37.Be4 Bf5 38.Bf3 Qf7 39.Kg1 Qd7 40.Qd2 Qd8 41.Kf2 Qd7 42.d5 cxd5 43.Qxd5 Qxd5
44.Bxd5 b6 45.c6 Kf8 46.c7 Bc8 47.f5 gxf5 48.Bf3 Ke7 49.Bxh5 Kd6 50.Bg6  1-0

[Event "Serbia Cup Final 2012"]
[Site "Kragujevac SRB"]
[Date "2012.05.18"]
[Round "5"]
[White "Pikula,D"]
[Black "Sredojevic,I"]
[Result "1-0"]
[WhiteElo "2507"]
[BlackElo "2421"]

1.e4 d5 2.exd5 Qxd5 3.Nc3 Qd6 4.d4 Nf6 5.Nf3 a6 6.g3 b5 7.Bg2 Bb7 8.O-O e6
9.Bf4 Qb6 10.a4 Bd6 11.Be3 c5 12.axb5 axb5 13.Qe2 Rxa1 14.Rxa1 Bxf3 15.Bxf3 cxd4
16.Qxb5+ Qxb5 17.Nxb5 dxe3 18.Nxd6+ Ke7 19.Nc4 exf2+ 20.Kxf2 Rc8 21.Ra7+ Nbd7
22.b3 e5 23.Bg2 g5 24.Ne3 h5 25.c4 Ng4+ 26.Nxg4 hxg4 27.Be4 Ke6 28.Bd5+ Kd6
29.b4 Nb6 30.Bxf7 Nxc4 31.Ra6+ Ke7 32.Be6 Rf8+ 33.Ke2 Nd6 34.Bxg4 Rh8 35.h3 Rb8
36.Ra4 Nc4 37.Ra7+ Kd6 38.Kd3 Nb6 39.Bf3 Rf8 40.Be4 Rh8 41.Rg7 Nd7 42.Rg6+ Ke7
43.Rxg5 Rxh3 44.Bf5  1-0

[Event "Coupe de France 2012"]
[Site "Bois-Colombes FRA"]
[Date "2012.05.19"]
[Round "1"]
[White "Philippe,C"]
[Black "Alanic,X"]
[Result "1-0"]
[WhiteElo "2403"]
[BlackElo "2245"]

1.e4 d5 2.exd5 Qxd5 3.Nc3 Qd6 4.d4 Nf6 5.Nf3 a6 6.g3 b5 7.Bg2 Bb7 8.O-O e6
9.Bf4 Qb6 10.a4 Nd5 11.Nxd5 Bxd5 12.axb5 axb5 13.Rxa8 Bxa8 14.Re1 Be7 15.Qd3 Bd5
16.h4 Qb7 17.c3 Nd7 18.b3 Nf6 19.c4 bxc4 20.bxc4 Be4 21.Qe3 O-O 22.Bg5 Bf5
23.Ne5 Qb2 24.Nc6 Bb4 25.Re2 Qa1+ 26.Qc1 Qa4 27.Bxf6 gxf6 28.Kh2 Re8 29.Qh6 Bf8
30.Qxf6 Bg7 31.Qxf5 exf5 32.Rxe8+ Bf8 33.Ne7+ Kg7 34.Nxf5+ Kg8 35.Ne7+ Kg7
36.Nf5+ Kg8 37.Ra8 Qxc4 38.g4 h5 39.gxh5 Qc2 40.Ng3 Qxf2 41.h6 Qxd4 42.h7+ Kxh7
43.Rxf8 Qxh4+ 44.Bh3 Qc4 45.Bf5+ Kg7 46.Rc8 Kf6 47.Kh3 Ke7 48.Bg4 Qc1 49.Bf3 Qh6+
50.Kg2 Qf4 51.Ra8 f5 52.Rh8 Qd2+ 53.Ne2 c5 54.Rc8 Qc2 55.Kg3 Kd7 56.Rc6 Qd3
57.Rf6 Ke7 58.Rc6 Qe3 59.Nf4 Kd7 60.Re6 Qg1+ 61.Kh3 Qg5 62.Bc6+ Kc8 63.Re8+ Qd8
64.Rxd8+ Kxd8 65.Bd5 Ke7 66.Kg3 Kd6 67.Kf3 Ke5 68.Ke3 Kf6 69.Bc4 Kg5 70.Ne6+ Kg4
71.Be2+ Kg3 72.Nxc5 f4+ 73.Ke4 Kf2 74.Bf3 Ke1 75.Nb3 Kf2 76.Kxf4 Ke1 77.Kg3 Kf1
78.Nc5 Ke1 79.Ne4 Kf1 80.Kf4 Kg1 81.Ke3 Kh2 82.Bg4 Kg2 83.Ke2 Kg1 84.Bf3 Kh2
85.Kf2 Kh3 86.Be2 Kh4 87.Ke3 Kh3 88.Kf4 Kg2 89.Bg4 Kf1 90.Kf3 Ke1 91.Kg3 Kf1
92.Nd6 Ke1 93.Nc4 Kf1 94.Kf3 Ke1 95.Ke3 Kf1 96.Bf3 Kg1 97.Nd2 Kh2 98.Kf4 Kh3
99.Nf1 Kh4 100.Nd2 Kh3 101.Be4 Kh2 102.Kg4 Kg1 103.Kf3 Kh2 104.Bf5 Kg1 105.Kg3 Kh1
106.Bh3 Kg1 107.Nf3+  1-0

[Event "Serbia Cup Final 2012"]
[Site "Kragujevac SRB"]
[Date "2012.05.19"]
[Round "6"]
[White "Gosic,B"]
[Black "Adzic,Mo"]
[Result "1/2-1/2"]
[WhiteElo "2301"]
[BlackElo "2273"]

1.e4 d5 2.exd5 Qxd5 3.Nc3 Qd6 4.d4 c6 5.Nf3 Nf6 6.Be2 Nbd7 7.O-O g6 8.Bg5 Bg7
9.Qd2 O-O 10.Bf4 Qb4 11.Bc7 Nb6 12.a3 Qa5 13.Be5 Nbd5 14.Nxd5 Qxd5 15.c4 Qd8
16.h3 Bf5 17.Rfd1 a5 18.a4 Qb6 19.Bd3 Bxd3 20.Qxd3 Rfd8 21.Qc2 Rd7 22.Ra3 Rad8
23.Rb3 Qa7 24.Rbd3 Qb6 25.Rb3 Qa7 26.Rbd3 b6  1/2-1/2

[Event "TCh-HUN 2011-12"]
[Site "Budapest HUN"]
[Date "2012.05.20"]
[Round "11"]
[White "Boguszlavszkij,J"]
[Black "Antal,Ge"]
[Result "1-0"]
[WhiteElo "2240"]
[BlackElo "2531"]

1.e4 d5 2.exd5 Qxd5 3.Nc3 Qd6 4.d4 Nf6 5.Nge2 a6 6.Bf4 Qd7 7.g3 Nd5 8.Bg2 Nxf4
9.Nxf4 g5 10.Nfe2 Nc6 11.Qd2 Rg8 12.O-O-O Qd6 13.Rhe1 Bf5 14.Be4 Bd7 15.Bxc6 Qxc6
16.d5 Qb6 17.d6 cxd6 18.Nd5 Qc5 19.Nec3 Be6 20.Ne4 Qc4 21.Qa5 Rc8 22.Nxd6+ exd6
23.Nf6+ Ke7 24.Nxg8+ Kd7 25.Nf6+ Kc6 26.Re3 b6 27.Qc3 b5 28.b3 Qxc3 29.Rxc3+ Kb6
30.Rxc8 Bxc8 31.Nxh7 Be7 32.Nf6 Kc5 33.Nd5 Bd8 34.Nc3 Bb7 35.a3 Bf6 36.Kd2 Be5
37.Rf1 g4 38.Ne2 Bb2 39.c3 Bxa3 40.Nf4 b4 41.Nd3+ Kb5 42.c4+ Kb6 43.Re1 a5
44.Re7 f5 45.Rd7 a4 46.bxa4 Kc6 47.Rf7 Ba6 48.Rxf5 Bxc4 49.Rf4 d5 50.Rxg4 b3
51.Kc3 Bxd3 52.Kxd3 Kc5 53.Rg8 Kb4 54.h4 Bc1 55.h5 b2 56.Kc2 d4 57.Rb8+ Kc4
58.Rc8+ Kb4 59.Kb1 d3 60.Rxc1  1-0

[Event "21st CRO-Cup"]
[Site "Sibenik CRO"]
[Date "2012.05.20"]
[Round "6.114"]
[White "Pejic,Iv"]
[Black "Martinus,T"]
[Result "1/2-1/2"]
[WhiteElo "1894"]
[BlackElo "2191"]

1.e4 d5 2.exd5 Qxd5 3.Nc3 Qd6 4.h3 a6 5.Nf3 Nf6 6.d4 e6 7.Be2 Be7 8.O-O Nc6
9.a4 b6 10.Be3 Bb7 11.Qd2 O-O 12.Rad1 Rfd8 13.Bf4 Qd7 14.Qc1 Nb4 15.Ne5 Qc8
16.Bf3 Bxf3 17.Nxf3 Qb7 18.Ne2 c5 19.c3 Nbd5 20.Be3 Ne4 21.Qc2 Nef6 22.Qc1 Rac8
23.Qc2 Bd6 24.Qb3 Qb8 25.Bg5 h6 26.Bh4 c4 27.Qc2 Qb7 28.Rfe1 Re8 29.Nd2 Qc7
30.Nf3 h5 31.Ne5 Bxe5 32.dxe5  1/2-1/2

[Event "21st CRO-Cup"]
[Site "Sibenik CRO"]
[Date "2012.05.20"]
[Round "6.53"]
[White "Juranic,B"]
[Black "Golubovic,B"]
[Result "1/2-1/2"]
[WhiteElo "2175"]
[BlackElo "2416"]

1.e4 d5 2.exd5 Qxd5 3.Nc3 Qd6 4.d4 Nf6 5.Bd3 Bg4 6.f3 Bh5 7.Nge2 e6 8.Bf4 Qd8
9.g4 Bg6 10.h4 c6 11.h5  1/2-1/2

[Event "21st Chicago Open"]
[Site "Wheeling USA"]
[Date "2012.05.24"]
[Round "1"]
[White "Rensch,D"]
[Black "Lucente,M"]
[Result "1-0"]
[WhiteElo "2396"]
[BlackElo "2046"]

1.e4 d5 2.exd5 Qxd5 3.Nc3 Qd6 4.Nf3 Nf6 5.d4 c6 6.g3 Bg4 7.Bg2 e6 8.O-O Be7
9.h3 Bh5 10.g4 Bg6 11.Ne5 Na6 12.Bf4 Qd8 13.Bg3 Nb4 14.a3 Nbd5 15.Ne2 O-O
16.c4 Nb6 17.Nc3 Nfd7 18.Nxg6 hxg6 19.Qe2 Nf6 20.Rfd1 Re8 21.b4 Qd7 22.Rab1 a6
23.a4 Rac8 24.a5 Na8 25.Na4 Bd8 26.b5 cxb5 27.Nc5 Qe7 28.cxb5 Bxa5 29.Nxb7 Bc7
30.Bxc7 Nxc7 31.bxa6 Nfd5 32.Rdc1 Ra8 33.Nc5 Qd6 34.Bf1 Qf4 35.Qe5 Qd2 36.Ne4 Qa5
37.Nd6 Rf8 38.Ra1 Qb6 39.Nc4 Qa7 40.Ne3 Rfd8 41.Rc6 Rd7 42.Rb1 Rad8 43.Rb7  1-0

[Event "Orlova Open 2012"]
[Site "Orlova CZE"]
[Date "2012.05.25"]
[Round "5.7"]
[White "Gazik,Viktor"]
[Black "Cempel,J"]
[Result "0-1"]
[WhiteElo "2055"]
[BlackElo "2207"]

1.e4 d5 2.exd5 Qxd5 3.Nc3 Qd6 4.d4 Nf6 5.Nf3 a6 6.Bc4 b5 7.Bb3 Bb7 8.Qe2 e6
9.Bg5 Be7 10.O-O-O O-O 11.Ne5 Nc6 12.Bxf6 Bxf6 13.Ne4 Qe7 14.f4 Na5 15.Rhg1 Nxb3+
16.axb3 Bxe5 17.fxe5 Bxe4 18.Qxe4 a5 19.Rd3 a4 20.Rh3 h6 21.c3 axb3 22.Kd2 c5
23.Rd3 Ra2 24.Rb1 Qg5+ 25.Ke2 c4 26.Rg3 Qe7 27.Kf1 Rfa8 28.Qg4 g6 29.Re3 Ra1
30.Ree1 Rxb1 31.Rxb1 Ra2 32.Qe2 Qg5 33.Kg1 Qf5 34.Rf1 Qg5 35.Qf2 Qe7 36.Qd2 Kg7
37.h3 Qa7 38.Kh2 Qb7 39.Qf2 Qc7 40.Qd2 f5 41.Re1 Qb7 42.Kh1 Ra8 43.Qe2 g5
44.Rf1 Qd5 45.Qd2 Kg6 46.Kh2 Rf8 47.g3 Rd8 48.Rd1 Ra8 49.Rf1 Ra2 50.Re1 Qf3
51.Rc1 f4 52.Rg1 Qe3 53.Qg2 f3 54.Qf1 Rxb2+ 55.Kh1 Qd2  0-1

[Event "Albena Masters Open 2012"]
[Site "Albena BUL"]
[Date "2012.05.29"]
[Round "4.32"]
[White "Sadikhov,U"]
[Black "Piskur,M"]
[Result "1/2-1/2"]
[WhiteElo "2120"]
[BlackElo "2321"]

1.e4 d5 2.exd5 Qxd5 3.Nc3 Qd8 4.d4 g6 5.Nf3 Bg7 6.h3 Nf6 7.Bc4 O-O 8.Bf4 c6
9.Qd2 Nbd7 10.Bb3 Nb6 11.O-O a5 12.a3 a4 13.Ba2 Nbd5 14.Nxd5 cxd5 15.Be5 Qa5
16.c3 Bf5 17.Rfe1 Rac8 18.g4 Bd7 19.Nh2 Ne4 20.Qf4 g5 21.Qe3 f6 22.Bc7 Rxc7
23.Qxe4 e6 24.Qd3 Qa6 25.Qc2 Be8 26.Qe2 Qxe2 27.Rxe2 Bd7 28.Nf1 Kf7 29.Ne3 Bb5
30.Rd2 Rd8 31.Re1 Rdc8 32.Rc2 Bd3 33.Rd2 Be4 34.Bb1 Bxb1 35.Rxb1 Bf8 36.Rc2 Bd6
37.Rbc1 Bf4 38.Re1 h5 39.gxh5 Rh8 40.Rce2 Rxh5 41.Ng4 Rc6 42.Kg2 Rh4 43.f3 Rb6
44.Nf2 Rc6 45.Nd3 b6 46.Nb4 Rd6 47.Nd3 Rh6 48.b3 axb3 49.Rb1 Rh8 50.Rxb3 Rc8
51.Nb4 e5 52.Nd3 Ke6 53.h4 Kf5 54.hxg5 Rg8 55.Nxf4 Rxg5+ 56.Kf2 Kxf4 57.dxe5 fxe5
58.Rb4+ Kf5 59.Rxe5+ Kxe5 60.f4+ Kf5 61.fxg5 Kxg5 62.Ke3 Kf5 63.Kd4 Ke6 64.Rb5 Rc6  1/2-1/2

[Event "Albena Masters Open 2012"]
[Site "Albena BUL"]
[Date "2012.05.31"]
[Round "6.2"]
[White "Melkumyan,H"]
[Black "Spasov,V"]
[Result "1/2-1/2"]
[WhiteElo "2642"]
[BlackElo "2570"]

1.e4 d5 2.exd5 Qxd5 3.Nc3 Qd6 4.d4 Nf6 5.Bc4 g6 6.Nge2 Bg7 7.Bf4 Qd8 8.Qd2 O-O
9.Bh6 a6 10.Bxg7 Kxg7 11.O-O c5 12.Qf4 cxd4 13.Nxd4 Nbd7 14.Nf3 b5 15.Be2 Bb7
16.Rfd1 Qb6 17.a3 Rac8 18.Qd4 Rc7 19.Qxb6 Nxb6 20.Ne5  1/2-1/2

[Event "Albena Masters Open 2012"]
[Site "Albena BUL"]
[Date "2012.05.31"]
[Round "6.16"]
[White "Das,Arg"]
[Black "Piskur,M"]
[Result "1-0"]
[WhiteElo "2482"]
[BlackElo "2321"]

1.e4 d5 2.exd5 Qxd5 3.Nc3 Qd8 4.d4 Nf6 5.Nf3 Bg4 6.h3 Bxf3 7.Qxf3 c6 8.Be3 e6
9.Bd3 Nbd7 10.O-O Bd6 11.Ne2 O-O 12.c4 Re8 13.Rfd1 e5 14.Ng3 Qc7 15.Bc2 Rad8
16.c5 Bf8 17.b4 Nd5 18.Bb3 N7f6 19.dxe5 Qxe5 20.Bd4 Qf4 21.Qxf4 Nxf4 22.Bxf6 gxf6
23.Nf5 Ne2+ 24.Kf1 Nc3 25.Rxd8 Rxd8 26.Re1 Nd5 27.Bxd5 Rxd5 28.g4 b6 29.Re8 Rd1+
30.Ke2 Rb1 31.a3 bxc5 32.bxc5 Rb5 33.Ra8 Ra5 34.h4 h5 35.gxh5 Rxc5 36.Ng3 Rc4
37.Ke3 Rxh4 38.f4 f5 39.Kf3 f6 40.a4 Kf7 41.Rxa7+ Ke6 42.Ra5 c5 43.Ra6+ Kf7
44.Rc6 Bh6 45.a5 Rxf4+ 46.Ke2 Ra4 47.Nxf5 Bf8 48.a6 c4 49.Ke3 Ra5 50.Ke4 c3
51.Nd4 Re5+ 52.Kd3 Bc5 53.Rc7+ Kg8 54.Nb3 Bb6 55.Rc6 Rb5 56.Kc4 Rxh5 57.Rxb6 c2
58.a7 Ra5 59.Rb8+  1-0

[Event "Women's World Rapid Championship 2012"]
[Site "Batumi GEO"]
[Date "2012.05.31"]
[Round "2.22"]
[White "Arakhamia-Grant,K"]
[Black "Mikadze,M"]
[Result "1-0"]
[WhiteElo "2426"]
[BlackElo "2323"]

1.e4 d5 2.exd5 Qxd5 3.Nc3 Qd6 4.d4 Nf6 5.Nf3 c6 6.Ne5 Nbd7 7.Bf4 Nd5 8.Nxd5 Qxd5
9.Nf3 Nf6 10.Be2 Bf5 11.Be5 e6 12.O-O Be7 13.c4 Qe4 14.Rc1 Rd8 15.Re1 Bb4
16.Rf1 O-O 17.c5 Rd7 18.a3 Ba5 19.Bd6 Rfd8 20.Ne5 Rxd6 21.cxd6 Rxd6 22.Bf3 Qxd4
23.Nc4 Qxd1 24.Rfxd1 Rxd1+ 25.Rxd1 Bc7 26.Nd6 e5 27.Nxf5  1-0

[Event "Women's World Rapid Championship 2012"]
[Site "Batumi GEO"]
[Date "2012.06.01"]
[Round "5.25"]
[White "Umudova,N"]
[Black "Mikadze,M"]
[Result "0-1"]
[WhiteElo "2231"]
[BlackElo "2323"]

1.e4 d5 2.exd5 Qxd5 3.Nc3 Qd6 4.d4 Nf6 5.Nf3 c6 6.g3 Bg4 7.Bg2 e6 8.O-O Nbd7
9.Bf4 Qb4 10.Qd2 Be7 11.a3 Qb6 12.Ne5 Nxe5 13.dxe5 Rd8 14.Qc1 Nd5 15.Ne4 Nxf4
16.Qxf4 Bf5 17.b4 O-O 18.c4 Bxe4 19.c5 Qb5 20.Bxe4 a5 21.Rfb1 Qa6 22.h4 Rd7
23.h5 Rfd8 24.Kg2 h6 25.Qf3 Bg5 26.Rd1 Bd2 27.Rab1 axb4 28.axb4 Qc4 29.Rb3 Rd4
30.Bb1 Bxb4 31.Rbd3 Bxc5 32.Qe2 Qd5+ 33.f3 Bb6 34.Qb2 Qc5 35.Qe2 Kf8 36.f4 Rxd3
37.Bxd3 Qc3 38.Kh3 Bc5 39.Qe4 Ke7 40.f5 Qd4 41.Qe2 exf5 42.Kg2 Rd5 43.Bc2 Qxe5
44.Qf1 Rxd1 45.Qxd1 Bd6 46.Qd3 Kf6 47.Bb3 Qe4+  0-1

[Event "Albena Masters Open 2012"]
[Site "Albena BUL"]
[Date "2012.06.02"]
[Round "8.35"]
[White "Chen Yang"]
[Black "Piskur,M"]
[Result "0-1"]
[WhiteElo "2094"]
[BlackElo "2321"]

1.e4 d5 2.exd5 Qxd5 3.Nc3 Qd8 4.Nf3 g6 5.d4 Bg7 6.Bc4 Nh6 7.Bf4 Nf5 8.Nb5 Na6
9.g4 Nd6 10.Nxd6+ cxd6 11.h3 h5 12.Ng5 d5 13.Bb5+ Kf8 14.c3 f6 15.Qd3 fxg5
16.Bxg5 hxg4 17.Qxg6 Nc7 18.O-O-O Qd6 19.Qd3 Nxb5 20.hxg4 Rxh1 21.Rxh1 Nc7
22.Qh7 Be6 23.Bh6 Bxh6+ 24.Rxh6 Ke8 25.Kc2 Kd7  0-1

[Event "e2e4 Diamond Jubilee Premier"]
[Site "London ENG"]
[Date "2012.06.02"]
[Round "1.28"]
[White "Donovan,N"]
[Black "Neatherway,A Philip"]
[Result "0-1"]
[WhiteElo "2033"]
[BlackElo "1926"]

1.e4 d5 2.exd5 Qxd5 3.Nc3 Qd6 4.d4 Nf6 5.Nf3 a6 6.Be2 e6 7.Ne5 Nc6 8.Bf4 Qxd4
9.Nxc6 Qxd1+ 10.Rxd1 bxc6 11.Bxc7 Bb7 12.O-O Nd5 13.Ba5 Be7 14.Na4 O-O 15.c4 Nf6
16.Bf3 Rab8 17.Bc7 Rbc8 18.Bd6 Rfe8 19.Nc5 Bxd6 20.Rxd6 Re7 21.b3 Ba8 22.Rfd1 a5
23.Na4 Bb7 24.Nc5 Ba8 25.Kf1 Kf8 26.Ke2 Ke8 27.R1d2 Ra7 28.Kd1 Ke7 29.Kc1 Nd5
30.Ne4 f5  0-1

[Event "1st Euro 2012 Open"]
[Site "Lviv UKR"]
[Date "2012.06.02"]
[Round "9"]
[White "Ustiyanovich,N"]
[Black "Pazderski,Z"]
[Result "1-0"]
[WhiteElo "2163"]
[BlackElo "2185"]

1.e4 d5 2.exd5 Qxd5 3.Nc3 Qd6 4.d4 Nf6 5.Nf3 a6 6.Bd3 Bg4 7.h3 Bh5 8.Ne4 Nxe4
9.Bxe4 Nc6 10.O-O e6 11.c3 Be7 12.Re1 O-O 13.Bxc6 bxc6 14.Re5 Bg6 15.Qa4 Bd3
16.Rc5 Qd8 17.Re5 Bd6 18.Re1 c5 19.dxc5 Bxc5 20.Be3 Bd6 21.Ne5 Bf5 22.Bc5 Qg5
23.Nf3 Qe7 24.Bxd6 cxd6 25.Qa3 Qb7 26.Nh4 Be4 27.Qxd6 Bc2 28.Rac1 Rad8 29.Qb4 Qxb4
30.cxb4 Bd3 31.Nf3  1-0